Preparacion y evaluacion de proyecto de la industria quimica / Fernandez Guzman Castro (Registro nro. 11729)

Detalles MARC
000 -LEADER
fixed length control field 00598nam a22001931a 4500
001 - CONTROL NUMBER
control field 11729
003 - CONTROL NUMBER IDENTIFIER
control field OSt
005 - DATE AND TIME OF LATEST TRANSACTION
control field 20260204212253.0
008 - FIXED-LENGTH DATA ELEMENTS--GENERAL INFORMATION
fixed length control field 130516s2008||||ck ||||||b||||||||||spa||
020 ## - NUMERO DE LIBRO INTERNACIONAL NORMALIZADO
International Standard Book Number 9789587190489
050 ## - LIBRARY OF CONGRESS CALL NUMBER
Classification number 658.404 G994p
100 ## - ASIENTO PRINCIPAL -- NOMBRE PERSONAL
Personal name Guzman Castro, Fernando
245 ## - TÍTULO PROPIAMENTE DICHO: SUBTÍTULO
Title Preparacion y evaluacion de proyecto de la industria quimica / Fernandez Guzman Castro
264 ## - PRODUCTION, PUBLICATION, DISTRIBUTION, MANUFACTURE, AND COPYRIGHT NOTICE
Place of production, publication, distribution, manufacture Colombia : Univercidad nacional de colombia
300 ## - PHYSICAL DESCRIPTION
Extensión 106 P.
500 ## - GENERAL NOTE
General note Incluye bibliografia
650 ## - ASIENTO SECUNDARIO DE MATERIA -- TERMINO TEMÁTICO
Termino Temático Como Elemento de Entrada ADMINISTRACION DE PROYECTOS 2.INDUSTRIAS QUIMICA - PROYECTOS.Ì
942 ## - ADDED ENTRY ELEMENTS (KOHA)
Source of classification or shelving scheme Dewey Decimal Classification
Koha item type Libros
Existencias
Withdrawn status Lost status Source of classification or shelving scheme Damaged status Not for loan Current library Date acquired Total Checkouts Full call number Barcode Date last seen Price effective from Koha item type
    Dewey Decimal Classification     Biblioteca UTECO 09/09/2019   658.404 G994P 016974 09/09/2019 09/09/2019 Libros
    Dewey Decimal Classification     Biblioteca UTECO 09/09/2019   658.404 G994P 016975 09/09/2019 09/09/2019 Libros
    Dewey Decimal Classification     Biblioteca UTECO 09/09/2019   658.404 G994P 016976 09/09/2019 09/09/2019 Libros
© 2021 Derechos Reservados UTECO - Teléfono: +1 809-585-2291 - Correo electrónico: biblioteca@uteco.edu.do​  
Código postal 43000 ​​
Dirección: Avenida Universitaria No. 100, 
Cotuí, Provincia Sánchez Ramírez, República Dominicana - RNC: 404-00059-6